000 01268nam a2200313 i 4500
003 EG-GICUC
005 20260121101220.0
008 251113s1992 ua ||||f |||| 00| 0 ara d
040 _a EG-GICUC
_bara
_c EG-GICUC
_d EG-GICUC
_erda
041 _aara
082 0 4 _221
_a345
_bم ح . م
092 0 4 _221
099 _alaw1 07 345 م ح . م 1992
100 0 _aمحمد حسنين عبد العال
_eمؤلف.
245 _aمبادئ القانون الإداري /
_cدكتور محمد حسنين عبد العال
264 _a[مكان النشر غير معروف]
_b[اسم الناشر غير معروف]
_c1992.
300 _a119 صفحة
_c24 سم
_bإيضاحيات، صور، مثيليات ؛
336 _2rda content
_atext
337 _2rda media
_aComputer
338 _2rda carrier
_aOnline Resource
500 _aيشتمل علي ارجاعات ببليوجرافية
504 _a. 240-220 ببليوجرافيا: صفحات.
546 _aالنص أغلبه باللغة العربية بعض النصوص الإنجليزية والفرنسية
650 1 _aالقانون الإداري
_2qrmak
651 1 _2qrmak
856 4 0 _uhttps://fll.law.cu.edu.eg/fulltext/bks/B07-00532.pdf
905 _a74
942 _2ddc
_n0
_cBK
_e21
999 _c43182
_d43182